00721pam a2200241 a 4500001000700000003000400007005001700011008004100028010001700069020001500086020002500101040001800126050002300144082001600167100002700183245002300210250005400233260003800287300004900325504005100374650002400425700003000449634152OSt20150222144445.0930331s1994 nyua b 001 0 eng  a 93015648  a0716720108 a0716724510 (ISE ed.) aDLCcDLCdDLC00aQD251.2b.V65 199400a547 VOL2201 aVollhardt, K. Peter C.10aOrganic chemistry. a2nd ed. /bK. Peter C. Vollhardt, Neil E. Schore. aNew York :bW.H. Freeman,cc1994. axxxvi, 1156 p. :bill. (some col.) ;c27 cm. aIncludes bibliographical references and index. 0aChemistry, Organic.1 aSchore, Neil Eric,d1948-